Scientific research in Pakistan / (Record no. 179846)
[ view plain ]
| 000 -LEADER | |
|---|---|
| fixed length control field | 01114 a2200157 4500 |
| 003 - CONTROL NUMBER IDENTIFIER | |
| control field | Nust |
| 005 - DATE AND TIME OF LATEST TRANSACTION | |
| control field | 20221102131032.0 |
| 040 ## - CATALOGING SOURCE | |
| Transcribing agency | Nust |
| 082 ## - DEWEY DECIMAL CLASSIFICATION NUMBER | |
| Classification number | 509.2954,PCS |
| 245 ## - TITLE STATEMENT | |
| Title | Scientific research in Pakistan / |
| Statement of responsibility, etc. | Pakistan Council for Science and Technology |
| 260 ## - PUBLICATION, DISTRIBUTION, ETC. | |
| Place of publication, distribution, etc. | Islamabad |
| Name of publisher, distributor, etc. | Pakistan Council for Science and Technology |
| Date of publication, distribution, etc. | 2000 |
| 300 ## - PHYSICAL DESCRIPTION | |
| Extent | 313 p. |
| 505 ## - FORMATTED CONTENTS NOTE | |
| Formatted contents note | 194 Productive Scientists With Citations And Cumulative Impact Factors Greater Then 15 (Page-1), Discipline Wise List Of Scientists With Citations And Cumulative Impact Factors Greater Than 15 (Page-195), Alphabetical List Of Scientists With Citations And Cumulative Impact Factors (Page-205), List Of Professors Of Universities With Citations And Cumulative Impact Factors (Page-276), List Of Scientists Who Received National Awards With Citations And Impact Factors (Page-287), List Of Vice Chancellors Of The Universities With Citations And Impact Factors (Page-291), Lists Of Scientists Working In PCSIR (Page-293), Cumulative Impact Factors Of S & T Organizations (Page-304). |
| 650 ## - SUBJECT ADDED ENTRY--TOPICAL TERM | |
| Topical term or geographic name entry element | Mathematics |
| 942 ## - ADDED ENTRY ELEMENTS (KOHA) | |
| Source of classification or shelving scheme | |
| Koha item type | Book |
| Call number prefix | 509.2954,PCS |
| Withdrawn status | Lost status | Source of classification or shelving scheme | Damaged status | Not for loan | Permanent Location | Current Location | Shelving location | Date acquired | Full call number | Barcode | Date last seen | Price effective from | Koha item type | Public note |
|---|---|---|---|---|---|---|---|---|---|---|---|---|---|---|
| Military College of Signals (MCS) | Military College of Signals (MCS) | General Stacks | 12/12/2016 | 509.2954,PCS | MCS5653 | 12/08/2016 | 12/12/2016 | Book Bank | Almirah No. A/135, Shelf No.2 |
